000 00317nam a2200133Ia 4500
008 150201s2011 xx 000 0 und d
082 _a612.015
_bB11S
100 _aSHARMA, D.C.
245 _aBIOCHEMISTRY FOR NURSES
250 _a1ST
260 _bAITBS
_aDELHI
_c2011
650 _aBIOCHEMISTRY
942 _2ddc
_cBK
_038
999 _c1122
_d1122